PayoWallet Viac zákazníkov späť do vášho podniku

PayoWallet ako moderný marketingový nástroj, ktorý pomôže motivovať zákazníkov, aby sa vracali častejšie. Inovatívna marketingová platforma v jednej aplikácii. Vznik, tržby a zisky podniku.

Guardado en:
Detalles Bibliográficos
Autor principal: Tarišková, Natália, 1973-
Formato: Capítulo de libro
Lenguaje:eslovaco
Materias:
Etiquetas: Agregar Etiqueta
Sin Etiquetas, Sea el primero en etiquetar este registro!

MARC

LEADER 00000naa$a2200000$$$4500
001 0271416
005 20240502074254.4
041 0 |a slo 
044 |a SK 
245 1 0 |a PayoWallet  |b Viac zákazníkov späť do vášho podniku  |c Natália Tarišková 
520 |a PayoWallet ako moderný marketingový nástroj, ktorý pomôže motivovať zákazníkov, aby sa vracali častejšie. Inovatívna marketingová platforma v jednej aplikácii. Vznik, tržby a zisky podniku. 
610 2 0 |a nástroje marketingové 
610 2 0 |a podnik 
610 2 0 |a zákazníci 
100 1 |a Tarišková, Natália, 1973-